| 000 | 00430nam a2200181Ia 4500 | ||
|---|---|---|---|
| 008 | 170705s9999 xx 000 0 und d | ||
| 020 | _a9780545552660 | ||
| 245 | _aSurprising swimmers / | ||
| 245 | _cEmma Ryan. | ||
| 260 | _aNew York : | ||
| 260 | _bScholastic, | ||
| 260 | _c2013 | ||
| 300 | _a31 pages : | ||
| 300 | _bcolor illustration ; | ||
| 300 | _c23cm. | ||
| 440 | _aScholastic reader level 2. | ||
| 500 | _a100 | ||
| 999 |
_c336873 _d336873 |
||